Bharatiya Nagarik Suraksha Sanhita 2023 (Record no. 241332)

MARC details
000 -LEADER
fixed length control field 00583nam a22002057a 4500
005 - DATE AND TIME OF LATEST TRANSACTION
control field 20260423101436.0
008 - FIXED-LENGTH DATA ELEMENTS--GENERAL INFORMATION
fixed length control field 260423b |||||||| |||| 00| 0 eng d
020 ## - INTERNATIONAL STANDARD BOOK NUMBER
International Standard Book Number 9789348179036
040 ## - CATALOGING SOURCE
Transcribing agency AL
041 ## - LANGUAGE CODE
Language code of text/sound track or separate title English
082 ## - DEWEY DECIMAL CLASSIFICATION NUMBER
Classification number 323.054
Item number VERB
100 ## - MAIN ENTRY--PERSONAL NAME
Personal name J K Verma
100 ## - MAIN ENTRY--PERSONAL NAME
9 (RLIN) 262367
245 ## - TITLE STATEMENT
Title Bharatiya Nagarik Suraksha Sanhita 2023
260 ## - PUBLICATION, DISTRIBUTION, ETC.
Place of publication, distribution, etc. Lucknow
Name of publisher, distributor, etc. Eastern book company
Date of publication, distribution, etc. 2025
300 ## - PHYSICAL DESCRIPTION
Extent 532 p.
Other physical details HB
Dimensions 25x16 cm.
365 ## - TRADE PRICE
Price type code 1343
Price amount ₹821.25
Currency code
Unit of pricing ₹1095.00
Price note 25%
Price effective from 14-03-2026
650 ## - SUBJECT ADDED ENTRY--TOPICAL TERM
Topical term or geographic name entry element law
9 (RLIN) 262368
650 ## - SUBJECT ADDED ENTRY--TOPICAL TERM
Topical term or geographic name entry element Criminal procedure
9 (RLIN) 262369
942 ## - ADDED ENTRY ELEMENTS (KOHA)
Source of classification or shelving scheme Dewey Decimal Classification
Koha item type Book
Holdings
Withdrawn status Lost status Source of classification or shelving scheme Damaged status Not for loan Collection code Home library Current library Date acquired Source of acquisition Cost, normal purchase price Total Checkouts Full call number Barcode Date last seen Cost, replacement price Price effective from Koha item type
    Dewey Decimal Classification     Law St Aloysius Law Library St Aloysius Law Library 04/16/2026 MPP House,Bengaluru-560009 821.25   323.054 VERB LL002609 04/23/2026 1095.00 03/14/2026 Book
    Dewey Decimal Classification     Law St Aloysius Law Library St Aloysius Law Library 04/16/2026 MPP House,Bengaluru-560009 821.25   323.054 VERB LL002610 04/23/2026 1095.00 03/14/2026 Book
    Dewey Decimal Classification     Law St Aloysius Law Library St Aloysius Law Library 04/16/2026 MPP House,Bengaluru-560009 821.25   323.054 VERB LL002611 04/23/2026 1095.00 03/14/2026 Book